Plant physiology / (Record no. 7352)
[ view plain ]
| 000 -LEADER | |
|---|---|
| fixed length control field | 01084cam a2200361ua 4500 |
| 003 - CONTROL NUMBER IDENTIFIER | |
| control field | OSt |
| 008 - FIXED-LENGTH DATA ELEMENTS--GENERAL INFORMATION | |
| fixed length control field | 210915b ||||| |||| 00| 0 eng d |
| 082 ## - DEWEY DECIMAL CLASSIFICATION NUMBER | |
| Classification number | 581.1 |
| Item number | PAN/PL |
| 100 ## - MAIN ENTRY--AUTHOR NAME | |
| Personal name | Pandey, S N . |
| 245 ## - TITLE STATEMENT | |
| Title | Plant physiology / |
| 250 ## - EDITION STATEMENT | |
| Edition statement | 1 / |
| 260 ## - PUBLICATION, DISTRIBUTION, ETC. (IMPRINT) | |
| Place of publication | New Delhi : |
| Name of publisher | Vani Educational Books , |
| Year of publication | 1986. |
| 300 ## - PHYSICAL DESCRIPTION | |
| Number of Pages | 595 ; . |
| 650 ## - SUBJECT ADDED ENTRY--TOPICAL TERM | |
| Topical Term | Absorption of water |
| 650 ## - SUBJECT ADDED ENTRY--TOPICAL TERM | |
| Topical Term | Ascent of sap |
| 650 ## - SUBJECT ADDED ENTRY--TOPICAL TERM | |
| Topical Term | Biology of dormancy |
| 650 ## - SUBJECT ADDED ENTRY--TOPICAL TERM | |
| Topical Term | Bio-physico-chemical phenomena |
| 650 ## - SUBJECT ADDED ENTRY--TOPICAL TERM | |
| Topical Term | Elementary Biochemistry |
| 650 ## - SUBJECT ADDED ENTRY--TOPICAL TERM | |
| Topical Term | Heterotrophic Plants |
| 650 ## - SUBJECT ADDED ENTRY--TOPICAL TERM | |
| Topical Term | Metabolisms |
| 650 ## - SUBJECT ADDED ENTRY--TOPICAL TERM | |
| Topical Term | Mineral Nutrition |
| 650 ## - SUBJECT ADDED ENTRY--TOPICAL TERM | |
| Topical Term | Mineral Salt absorption |
| 650 ## - SUBJECT ADDED ENTRY--TOPICAL TERM | |
| Topical Term | Photoperiodism and vernalisation |
| 650 ## - SUBJECT ADDED ENTRY--TOPICAL TERM | |
| Topical Term | Photorespiration |
| 650 ## - SUBJECT ADDED ENTRY--TOPICAL TERM | |
| Topical Term | Photosynthesis |
| 650 ## - SUBJECT ADDED ENTRY--TOPICAL TERM | |
| Topical Term | Respiration |
| 650 ## - SUBJECT ADDED ENTRY--TOPICAL TERM | |
| Topical Term | The Cell |
| 650 ## - SUBJECT ADDED ENTRY--TOPICAL TERM | |
| Topical Term | The Enzymes |
| 650 ## - SUBJECT ADDED ENTRY--TOPICAL TERM | |
| Topical Term | Translocation of solutes |
| 650 ## - SUBJECT ADDED ENTRY--TOPICAL TERM | |
| Topical Term | Transpiration |
| 700 1# - ADDED ENTRY--PERSONAL NAME | |
| Personal name | Sinha, B K . |
| 942 ## - ADDED ENTRY ELEMENTS (KOHA) | |
| Koha item type | Books |
| Withdrawn status | Lost status | Damaged status | Home library | Current library | Date acquired | Full call number | Accession Number | Koha item type |
|---|---|---|---|---|---|---|---|---|
| KAUAET | KAUAET | 21/02/1986 | 581.1 PAN/PL | 14946 | Books | |||
| KAUAET | KAUAET | 21/02/1986 | 581.1 PAN/PL | 14950 | Books | |||
| KAUAET | KAUAET | 21/02/1986 | 581.1 PAN/PL | 14943 | Books | |||
| KAUAET | KAUAET | 21/02/1986 | 581.1 PAN/PL | 14930 | Books | |||
| KAUAET | KAUAET | 21/02/1986 | 581.1 PAN/PL | 14951 | Books | |||
| KAUAET | KAUAET | 21/02/1986 | 581.1 PAN/PL | 14953 | Books | |||
| KAUAET | KAUAET | 21/02/1986 | 581.1 PAN/PL | 14932 | Books | |||
| KAUAET | KAUAET | 21/02/1986 | 581.1 PAN/PL | 14942 | Books | |||
| KAUAET | KAUAET | 21/02/1986 | 581.1 PAN/PL | 14949 | Books | |||
| Withdrawn | Damaged | KAUAET | KAUAET | 21/02/1986 | 581.1 PAN/PL | 14936 | Books | |
| KAUAET | KAUAET | 21/02/1986 | 581.1 PAN/PL | 14937 | Books | |||
| KAUAET | KAUAET | 21/02/1986 | 581.1 PAN/PL | 14952 | Books | |||
| KAUAET | KAUAET | 21/02/1986 | 581.1 PAN/PL | 14935 | Books | |||
| KAUAET | KAUAET | 21/02/1986 | 581.1 PAN/PL | 14945 | Books | |||
| KAUAET | KAUAET | 21/02/1986 | 581.1 PAN/PL | 14944 | Books | |||
| KAUAET | KAUAET | 21/02/1986 | 581.1 PAN/PL | 14939 | Books | |||
| KAUAET | KAUAET | 02/10/1986 | 581.1 PAN/PL | 14814 | Books | |||
| KAUAET | KAUAET | 21/02/1986 | 581.1 PAN/PL | 14933 | Books | |||
| KAUAET | KAUAET | 21/02/1986 | 581.1 PAN/PL | 14934 | Books | |||
| KAUAET | KAUAET | 21/02/1986 | 581.1 PAN/PL | 14938 | Books | |||
| KAUAET | KAUAET | 21/02/1986 | 581.1 PAN/PL | 14941 | Books | |||
| KAUAET | KAUAET | 21/02/1986 | 581.1 PAN/PL | 14940 | Books | |||
| KAUAET | KAUAET | 21/02/1986 | 581.1 PAN/PL | 14931 | Books | |||
| KAUAET | KAUAET | 21/02/1986 | 581.1 PAN/PL | 14948 | Books | |||
| KAUAET | KAUAET | 21/02/1986 | 581.1 PAN/PL | 14947 | Books |
